Statistics for Stadiums of 1974 FIFA World Cup with a Map

Click here to take the quiz!

General Stats

  • This quiz has been taken 12 times
  • The average score is 5 of 9

Answers on the Map

Answers color-coded by a green-red scale on the quiz's map according to % correct below.
 

Answer Stats

Stadium% Correct
Olympiastadion (Berlin)
100%
Olympiastadion (Munich)
100%
Signal Iduna Park
92%
Volksparkstadion
92%
Deutsche Bank Park
42%
Mercedes-Benz Arena
42%
Heinz-von-Heiden-Arena
25%
Parkstadion
25%
Rheinstadion
25%

Score Distribution

Percentile by Number Answered

Percent of People with Each Score

Your Score History

You have not taken this quiz